000 00888cam a2200253 4500
008 050310r2001 sp a b 000 0 spa u
020 _a8471124386
035 _aa444850
050 0 0 _aLB1028.24
_bM35 2001
100 1 _aMcKernan, James.
245 1 0 _aInvestigación-acción y curriculum :
_bmétodos y recursos para profesionales reflexivos /
_cJames McKernan ; tr. Tomás del Amo.
250 _a2a. ed.
260 _aMadrid, España :
_bEdiciones Morata,
_c2001
300 _a311 p. :
_bils. ;
_c24 cm.
440 0 _aPedagogía.
_pManuales
500 _aTraducción de: Curriculum action research.
504 _aBibliografía: p. [283]-299.
504 _aIncluye bibliografías e índices
506 _aRec. prop. esc.
650 1 0 _aInvestigación acción
650 2 0 _aPlanificación curricular
_investigación
700 _aAmo, Tomás del, tr.
942 _2lcc
_cLIB
999 _c120195
_d120195